University Home | Library Home | Institutional Repository

Report of the enquiry into livestock marketing in Manitoba / (Record no. 152713)

MARC details
000 -LEADER
fixed length control field 00788cam5a220021700 4500
001 - CONTROL NUMBER
control field lce00284202
008 - FIXED-LENGTH DATA ELEMENTS--GENERAL INFORMATION
fixed length control field 770617s1976 mbc s000 0 eng d
010 ## - LIBRARY OF CONGRESS CONTROL NUMBER
LC control number cn 77082501
015 ## - NATIONAL BIBLIOGRAPHY NUMBER
National bibliography number C77082501X
035 ## - SYSTEM CONTROL NUMBER
System control number (Sirsi) r57759
035 ## - SYSTEM CONTROL NUMBER
System control number (DLC)cn 77082501
035 ## - SYSTEM CONTROL NUMBER
System control number (UPRA)lce00284202
040 ## - CATALOGING SOURCE
Original cataloging agency CaOONL
Language of cataloging eng
Transcribing agency CaOONL
Modifying agency UPRA
110 1# - MAIN ENTRY--CORPORATE NAME
Subordinate unit Livestock and Meat Commission.
Linkage A16833.1
245 10 - TITLE STATEMENT
Title Report of the enquiry into livestock marketing in Manitoba /
Statement of responsibility, etc. by the Manitoba Livestock and Meat Commission.
260 ## - PUBLICATION, DISTRIBUTION, ETC.
Place of publication, distribution, etc. [Winnipeg :
Name of publisher, distributor, etc. Manitoba Livestock and Meat Commission],
Date of publication, distribution, etc. 1976.
500 ## - GENERAL NOTE
General note Cover title: Livestock marketing in Manitoba.
740 0# - ADDED ENTRY--UNCONTROLLED RELATED/ANALYTICAL TITLE
Uncontrolled related/analytical title Livestock marketing in Manitoba.
949 ## - LOCAL PROCESSING INFORMATION (OCLC)
a SF111
w lcc
i 33729000229067
m MAIN
p 2500
t BOOK
l ON-SHELF

No items available.

© 2026 - The University of Zambia Library - Koha v25.11